00694cam a2200229 a 4500001000800000005001700008008004100025010001700066020001500083040001800098041000800116043001200124080001800136082003200154100000700186101000800193245007200201906004500273942001200318999001700330952011700347301381420180221092015.0940419s1995 ilua 001 0 eng  a 94012327  a0256113025 aDLCcDLCdDLC aeng an-us--- a346.7307 JOH00a346.7307 JOHa347.30672201 a58 aBUS10aBasic law and the legal environment of business /cJohn E. Adamson. a7bcbccorignewd1eocipf19gy-gencatlg 2ddccBK c43083d43083 00102udc40708PËKGa002b002cPËKGd2018-02-21l0o346.7307 JOHp002-2999676r2018-02-21w2018-02-21yBK